Dictionnaire Grec-Francais : compose sur l'ouvrage intitule Thesaurus linguae graecae de Henri 'Etienne

Saved in:
Bibliographic Details
Main Author: Planche, J. (Joseph), 1762-1853
Format: Book
Language:French
Greek
Published: Paris : Chez le Nornant Pere, 1824
Edition:3η έκδ.
Subjects:
Online Access:http://hdl.handle.net/11610/17028
Tags: Add Tag
No Tags, Be the first to tag this record!

MARC

LEADER 00000cam a2200000 i 4500
001 1/68078
008 150227s1824 fre d
035 |l 10121284 
040 |a GR-MY-UA  |b gre  |e aacr 
041 0 |a fre  |h gre 
082 0 |a 483.4  |2 (23) 
100 1 |a Planche, J.   |q (Joseph),   |d 1762-1853. 
245 1 0 |a Dictionnaire Grec-Francais :  |b compose sur l'ouvrage intitule Thesaurus linguae graecae de Henri 'Etienne /  |c ou se trouvent l'explication des mots de la Langue Grecque leur etymologie, leur sens propre et figure, et leurs diverses acceptions, justifiees par des exemples choisis avec soin, et verifies sur les originaux. ; par Jos. Planche 
250 |a 3η έκδ. 
260 |a Paris :   |b Chez le Nornant Pere,   |c 1824 
300 |a x, 1257 σ.;  |c 23 εκ. 
500 |a Υπάρχει ψηφιακό αντίγραφο.  
500 |a Στο recto σφραγίδα "Πορφυριάς Αστική Σχολή Καρλοβασίων" με αρ. 408. 
650 0 0 |a Greek language  |x Dictionaries  |x French. 
852 |a INST  |b SAMOS  |c PORFYRIADA  |e 20150227  |h 483.4 PLA  |p 005300041851  |q 005300041851  |t NOLOAN  |y 23 
856 |u http://hdl.handle.net/11610/17028 
901 |a BIBL3-2015-1 
909 |a Σ  |b 191899 
970 |a ΣΙΤΖΙΜΗ  |b ΓΙΑΣΕΜΗ  |z 2015/02/27